The Hardest Capital Cities - Statistics

General Stats
  • This quiz has been taken 795 times
    793 since last reset
  • The average score is 13 of 17
Answer Stats
Country Capital % Correct
Maldives Malé
90%
Moldova Chisinau
89%
Guyana Georgetown
87%
Bahrain Manama
86%
Brunei Bandar Seri Begawan
82%
Tajikistan Dushanbe
81%
Antigua and Barbuda St. John's
77%
Malawi Lilongwe
75%
Guinea Conakry
73%
Mauritania Nouakchott
73%
Gabon Libreville
71%
Mauritius Port Louis
70%
St. Lucia Castries
67%
Burundi Gitega
63%
Palau Ngerulmud
61%
Federated States of Micronesia Palikir
61%
St. Vincent and the Grenadines Kingstown
57%
No matching quizzes found
Score Distribution
Percent of People with Each Score
Percentile by Number Answered
Your Score History
You have not taken this quiz since the last reset